000 01051nam a22002177a 4500
999 _c10660
_d10660
003 AR-CdUCM
008 190401b ||||| |||| 00| 0 spa d
040 _aMUNICIPALIDAD PROVINCIAL DEL CUSCO
_cBIBLIOTECA MUNICIPAL DEL CUSCO
082 _a330 /
_bB89 / 1930
100 _aBukharin, Nikolai Ivanovich,
_927631
245 _aLa economía mundial y el imperialismo /
260 _bImprenta Argis,
_c1930.
300 _a274 paginas ;
_c17 cm.
505 _aContenido : La economía mundial y el proceso de internacionalización del capital -- La noción de la economía mundial -- La economía mundial y el proceso de nacionalización del capital -- Circulación mundial del capital y modificación de las formas económicas de relación internacional -- el imperialismo, reproducción amplificada de la concurrencia capitalista ...
650 _aInternacionalizacion del capital
_927632
650 _aImperialismo
_927633
650 _aEconomía mundial
_95126
650 _aSocialismo proletario
_927634
942 _2ddc
_cLIBROS
945 _awnts